| 000 | 01474cam a22003491a 4500 | ||
|---|---|---|---|
| 001 | gs 11000331 | ||
| 003 | DLC | ||
| 005 | 20260227111311.0 | ||
| 007 | cr_||||||||||| | ||
| 008 | 810914s1911 dcuabf f001 0 eng c | ||
| 010 | _ags 11000331 | ||
| 035 | _a(OCoLC)7758183 | ||
| 040 |
_aU.S. Geol. survey. Library _cMnManS _dMnHi _dOCoLC _dDLC |
||
| 042 | _apremarc | ||
| 043 | _an-us-mn | ||
| 050 | 0 | 0 |
_aTC801 _b.U2 no. 256 |
| 051 |
_aGB1025.M6 _bH3 _cCopy 2 |
||
| 100 | 1 |
_aHall, C. W. _q(Christopher Webber), _d1845-1911. |
|
| 245 | 1 | 0 |
_aGeology and underground waters of southern Minnesota / _cby C.W. Hall, O.E. Meinzer, and M.L. Fuller ; work done in cooperation with the Minnesota State Board of Health. |
| 260 |
_aWashington : _bG.P.O., _c1911. |
||
| 300 |
_a406 p., 18 leaves of plates : _bill., maps ; _c23 cm. |
||
| 490 | 1 |
_aWater-supply paper ; _v256 |
|
| 500 | _aIncludes index. | ||
| 501 |
_aTC801.U2 no. 256 with : Well-drillling methods - - Underground water papers, 1910. Washington : Govt. Print. Off., 1911. Bound together subsequent to publication. _5DLC |
||
| 530 | _aAlso available in digital form on the Internet Archive Web site. | ||
| 650 | 0 |
_aGeology _zMinnesota. |
|
| 650 | 0 |
_aGroundwater _zMinnesota. |
|
| 700 | 1 |
_aMeinzer, O. E. _q(Oscar Edward), _d1876-1948. |
|
| 700 | 1 |
_aFuller, M. L. _q(Myron Leslie), _d1873- |
|
| 830 | 0 |
_aU.S. Geological Survey water-supply paper ; _v256. |
|
| 856 | 4 | 1 | _uhttp://hdl.loc.gov/loc.gdc/scd0001.00199536564 |
| 999 |
_c25037 _d25037 |
||